[Event "Macskasy mem A"]
[Site "Vancouver CAN"]
[Date "2005.07.31"]
[Round "3.2"]
[White "North, Robert"]
[Black "Berry, Jonathan"]
[Result "0-1"]
[WhiteElo "2005"]
[BlackElo "2311"]
[PlyCount "70"]
[GameId "2160767910900772"]
[EventDate "2005.07.30"]
[EventType "tourn"]
[EventRounds "5"]
[EventCountry "CAN"]
[SourceTitle "Scoresheets"]

1. d4 Nf6 2. c4 c5 3. d5 b5 4. cxb5 a6 5. bxa6 Bxa6 6. Nc3 g6 7. e4 Bxf1 8. Kxf1 d6 9. Nf3 Nbd7 10. h3 Bg7 11. Kg1 O-O 12. Kh2 Qa5 13. Re1 Rfb8 14. Re2 Ne8 15. Rc2 Nc7 16. a3 Nb5 17. Ne2 Rb7 18. Qd3 Ne5 19. Nxe5 Bxe5+ 20. f4 Bg7 21. Bd2 Qa4 22. Rc4 Qa6 23. Ra2 Nc7 24. Nc3 Rb3 25. Qe2 Rab8 26. Be1 Bd4 27. Nd1 e6 28. dxe6 Nxe6 29. Bg3 Bg7 30. Rc2 Qc6 31. Qc4 Nd4 32. Rc3 Qxe4 33. Rxb3 Rxb3 34. Qf1 Ne2 35. Be1 d5 0-1

[Event "Macskasy mem A"]
[Site "Vancouver CAN"]
[Date "2005.07.31"]
[Round "3.3"]
[White "Hardy, Justin"]
[Black "Ferguson, Jim"]
[Result "1/2-1/2"]
[WhiteElo "2082"]
[BlackElo "2127"]
[PlyCount "51"]
[GameId "2160767910900773"]
[EventDate "2005.07.30"]
[EventType "tourn"]
[EventRounds "5"]
[EventCountry "CAN"]
[SourceTitle "Scoresheets"]

1. Nf3 Nf6 2. b3 c5 3. e3 Nc6 4. Bb2 e6 5. c4 Be7 6. Nc3 O-O 7. d4 cxd4 8. exd4 d5 9. Bd3 b6 10. O-O Bb7 11. Rc1 Rc8 12. cxd5 Nxd5 13. Nxd5 Qxd5 14. Re1 Nb4 15. Rxc8 Rxc8 16. Be4 Qd7 17. Ne5 Qc7 18. Bxh7+ Kxh7 19. Qh5+ Kg8 20. Qxf7+ Kh8 21. Qg6 Kg8 22. Qxe6+ Kh7 23. Qg6+ Kg8 24. Qf7+ Kh8 25. Ba3 Nd5 26. Qg6 1/2-1/2

[Event "Macskasy mem A"]
[Site "Vancouver CAN"]
[Date "2005.07.31"]
[Round "4.2"]
[White "Berry, Jonathan"]
[Black "Hardy, Justin"]
[Result "1-0"]
[WhiteElo "2311"]
[BlackElo "2082"]
[PlyCount "87"]
[GameId "2160767910900775"]
[EventDate "2005.07.30"]
[EventType "tourn"]
[EventRounds "5"]
[EventCountry "CAN"]
[SourceTitle "Scoresheets"]

1. c4 Nf6 2. g3 e6 3. Nf3 d5 4. Bg2 c5 5. cxd5 Nxd5 6. b3 Nc6 7. Bb2 Nf6 8. O-O Be7 9. d4 O-O 10. dxc5 Qxd1 11. Rxd1 Bxc5 12. Nbd2 Be7 13. Nc4 a5 14. Rac1 Ra6 15. Nd6 Bxd6 16. Rxd6 a4 17. Ne5 axb3 18. axb3 Ra2 19. Nxc6 bxc6 20. Bxf6 gxf6 21. Rdxc6 Bb7 22. R6c2 Rxc2 23. Rxc2 Rb8 24. Rb2 Ba6 25. b4 Kg7 26. Bc6 Kf8 27. b5 Bb7 28. Bxb7 Rxb7 29. Kg2 f5 30. Kf3 Ke7 31. Ke3 Kd6 32. Kd4 Ra7 33. b6 Rb7 34. e4 fxe4 35. Kxe4 f6 36. f4 Kc6 37. f5 Kd6 38. fxe6 Kxe6 39. g4 Kd6 40. Kf5 Ke7 41. Re2+ Kf7 42. Re6 Kg7 43. Rc6 Kf8 44. Rc8+ 1-0

[Event "Macskasy mem A"]
[Site "Vancouver CAN"]
[Date "2005.07.31"]
[Round "4.3"]
[White "Pechisker, Alfred"]
[Black "North, Robert"]
[Result "1-0"]
[WhiteElo "2226"]
[BlackElo "2005"]
[PlyCount "51"]
[GameId "2160767910900776"]
[EventDate "2005.07.30"]
[EventType "tourn"]
[EventRounds "5"]
[EventCountry "CAN"]
[SourceTitle "Scoresheets"]

1. d4 Nf6 2. Bg5 Ne4 3. Bf4 c5 4. f3 Nf6 5. d5 d6 6. c4 g6 7. e4 Bg7 8. Nc3 O-O 9. Qd2 Na6 10. Bh6 Nc7 11. h4 e6 12. g4 exd5 13. cxd5 Qe7 14. O-O-O a6 15. Bxg7 Kxg7 16. h5 Kh8 17. hxg6 fxg6 18. Nh3 b5 19. Re1 b4 20. Nd1 Nb5 21. Ng5 Ra7 22. Bd3 Rg8 23. Ne3 Qe5 24. Nc4 Qd4 25. Rh4 Rgg7 26. Rd1 1-0

[Event "Macskasy mem A"]
[Site "Vancouver CAN"]
[Date "2005.08.01"]
[Round "5.2"]
[White "Hardy, Justin"]
[Black "Pechisker, Alfred"]
[Result "0-1"]
[WhiteElo "2082"]
[BlackElo "2226"]
[PlyCount "56"]
[GameId "2160767910900777"]
[EventDate "2005.07.30"]
[EventType "tourn"]
[EventRounds "5"]
[EventCountry "CAN"]
[SourceTitle "Scoresheets"]

1. e4 c5 2. Nf3 d6 3. Bc4 e6 4. Bb3 Nc6 5. c3 Nf6 6. d3 Qc7 7. Nbd2 Be7 8. O-O Bd7 9. Re1 O-O-O 10. Qe2 h6 11. d4 Rde8 12. Nf1 g5 13. e5 dxe5 14. dxe5 Nh7 15. Bc2 g4 16. N3d2 h5 17. f4 gxf3 18. Nxf3 Reg8 19. Be4 Ng5 20. Nxg5 Bxg5 21. b4 Bxc1 22. Raxc1 Rg5 23. Nd2 Nxe5 24. Nc4 Ng4 25. Qd3 Qxh2+ 26. Kf1 Qf4+ 27. Ke2 Qf2+ 28. Kd1 Ba4+ 0-1

[Event "Macskasy mem A"]
[Site "Vancouver CAN"]
[Date "2005.08.01"]
[Round "5.3"]
[White "Ferguson, Jim"]
[Black "Berry, Jonathan"]
[Result "0-1"]
[WhiteElo "2127"]
[BlackElo "2311"]
[PlyCount "84"]
[GameId "2160767910900778"]
[EventDate "2005.07.30"]
[EventType "tourn"]
[EventRounds "5"]
[EventCountry "CAN"]
[SourceTitle "Scoresheets"]

1. e4 c6 2. d4 d5 3. e5 c5 4. dxc5 Nc6 5. Bb5 e6 6. Be3 Nge7 7. c3 Qc7 8. Nf3 Bd7 9. Bxc6 Bxc6 10. Bd4 Nf5 11. b4 b6 12. cxb6 axb6 13. O-O Be7 14. Re1 O-O 15. g4 Nxd4 16. Nxd4 Bd7 17. f4 f6 18. exf6 Bxf6 19. Ne2 Be7 20. Rf1 Bd6 21. Qd2 Bb5 22. Rf2 Bxe2 23. Qxe2 Bxf4 24. Qxe6+ Kh8 25. Re2 Bxh2+ 26. Rxh2 Rae8 27. Qxe8 Rxe8 28. Nd2 Qg3+ 29. Rg2 Qe3+ 30. Rf2 Qg3+ 31. Rg2 Re1+ 32. Rxe1 Qxe1+ 33. Kh2 Qe5+ 34. Rg3 Kg8 35. Nb3 Qe2+ 36. Rg2 Qc4 37. Rg3 Qa6 38. Rg2 Kf7 39. Nd4 Kg6 40. Re2 Qc4 41. Re6+ Kg5 42. Rc6 Qd3 0-1

[Event "Macskasy mem B"]
[Site "Vancouver CAN"]
[Date "2005.07.30"]
[Round "1.1"]
[White "Lister, Curtis"]
[Black "Jiang, Louie"]
[Result "0-1"]
[WhiteElo "1952"]
[BlackElo "1999"]
[PlyCount "60"]
[GameId "2160767910900779"]
[EventDate "2005.07.30"]
[EventType "tourn"]
[EventRounds "5"]
[EventCountry "CAN"]
[SourceTitle "Scoresheets"]

1. e4 c5 2. Nc3 Nc6 3. Nf3 d6 4. g3 Nf6 5. Bg2 e6 6. O-O Be7 7. d3 d5 8. Bf4 a6 9. h3 b5 10. e5 Nd7 11. Re1 Rb8 12. Qd2 h6 13. g4 Nb6 14. Ne2 a5 15. c3 Ba6 16. Ng3 g5 17. Be3 d4 18. Nxd4 Nxd4 19. cxd4 cxd4 20. Qxa5 dxe3 21. Bc6+ Kf8 22. Qxa6 exf2+ 23. Kxf2 Qd4+ 24. Kg2 Qxb2+ 25. Ne2 Qxe5 26. Qxb5 Nd5 27. Qa4 Rb4 28. Qa7 Ne3+ 29. Kf2 Bc5 30. d4 Qf6+ 0-1

[Event "Macskasy mem B"]
[Site "Vancouver CAN"]
[Date "2005.07.30"]
[Round "1.2"]
[White "Sladek, Vaclav"]
[Black "Ingram, Richard"]
[Result "1-0"]
[WhiteElo "2040"]
[BlackElo "2011"]
[PlyCount "57"]
[GameId "2160767910900780"]
[EventDate "2005.07.30"]
[EventType "tourn"]
[EventRounds "5"]
[EventCountry "CAN"]
[SourceTitle "Scoresheets"]

1. d4 Nf6 2. c4 g6 3. Nc3 Bg7 4. e4 d6 5. Nf3 O-O 6. h3 Na6 7. Bg5 c5 8. d5 Ne8 9. Bd3 Bd7 10. O-O h6 11. Be3 e5 12. Qd2 Kh7 13. g4 Qc8 14. Nh2 h5 15. f3 Nac7 16. a4 hxg4 17. fxg4 Qd8 18. Rf3 Qe7 19. Raf1 Nf6 20. Qf2 Ng8 21. g5 Be8 22. Qh4+ Nh6 23. Rf6 Kg8 24. Qf2 Bd7 25. Rf3 Nf5 26. exf5 e4 27. f6 Qe5 28. fxg7 exf3 29. gxf8=Q+ 1-0

[Event "Macskasy mem B"]
[Site "Vancouver CAN"]
[Date "2005.07.30"]
[Round "1.3"]
[White "Burke, Paul"]
[Black "Tang, Edward"]
[Result "1-0"]
[WhiteElo "2011"]
[BlackElo "2001"]
[PlyCount "169"]
[GameId "2160767910900781"]
[EventDate "2005.07.30"]
[EventType "tourn"]
[EventRounds "5"]
[EventCountry "CAN"]
[SourceTitle "Scoresheets"]

1. e4 c5 2. Nc3 Nc6 3. g3 g6 4. Bg2 Rb8 5. d3 b5 6. f4 Bg7 7. Nf3 d6 8. O-O e6 9. a3 a5 10. Rb1 Nge7 11. Be3 Nd4 12. Ne2 Nxf3+ 13. Bxf3 O-O 14. d4 Qc7 15. c3 Bb7 16. g4 f5 17. gxf5 exf5 18. e5 Bxf3 19. Rxf3 Qc6 20. Ng3 c4 21. Rf1 Rb7 22. Bd2 Qd5 23. Qe2 Nc6 24. Qg2 Qxg2+ 25. Kxg2 d5 26. Rfe1 Nd8 27. b4 Nc6 28. Nf1 axb4 29. axb4 Ra8 30. Re2 Ra2 31. Rbe1 Ne7 32. Kf3 Rba7 33. h4 Rb2 34. Rg2 Rba2 35. Ree2 R7a3 36. Be1 Rxe2 37. Rxe2 Kf7 38. Ne3 Ra6 39. h5 Ra3 40. hxg6+ hxg6 41. Rc2 Nc6 42. Ke2 Ke6 43. Bd2 Bh6 44. Bc1 Ra1 45. Bb2 Rh1 46. Ng2 Rh2 47. Kf3 Rh3+ 48. Kf2 Bf8 49. Ne3 Bxb4 50. Bc1 Rh2+ 51. Ng2 Ba5 52. Kg3 Rh8 53. Bd2 Bd8 54. Ra2 Na5 55. Bc1 Rh7 56. Ba3 Ra7 57. Bc5 Rh7 58. Bb4 Ra7 59. Bc5 Rh7 60. Bb4 Nc6 61. Ra6 Kd7 62. e6+ Kc7 63. Ba5+ Nxa5 64. Rxa5 Kb6 65. Ra8 Bc7 66. Rg8 Re7 67. Rxg6 b4 68. cxb4 c3 69. Ne3 Kc6 70. Kf3 Bd8 71. Nxf5 Rh7 72. e7+ Kc7 73. exd8=Q+ Kxd8 74. Rc6 Rh3+ 75. Kg4 Rd3 76. b5 Kd7 77. Rc5 Ke6 78. b6 c2 79. Rxc2 Rb3 80. Rc6+ Kd7 81. Rg6 Rb1 82. Ng3 Rb4 83. f5 Rxd4+ 84. Kg5 Rd1 85. f6 1-0

[Event "Macskasy mem B"]
[Site "Vancouver CAN"]
[Date "2005.07.30"]
[Round "2.1"]
[White "Jiang, Louie"]
[Black "Tang, Edward"]
[Result "1-0"]
[WhiteElo "1999"]
[BlackElo "2001"]
[PlyCount "123"]
[GameId "2160767910900782"]
[EventDate "2005.07.30"]
[EventType "tourn"]
[EventRounds "5"]
[EventCountry "CAN"]
[SourceTitle "Scoresheets"]

1. e4 c5 2. Nf3 d6 3. d4 cxd4 4. Nxd4 Nf6 5. Nc3 g6 6. Be3 Bg7 7. f3 Nc6 8. Qd2 O-O 9. O-O-O Bd7 10. g4 Rc8 11. h4 Ne5 12. h5 Qa5 13. Kb1 Rxc3 14. Qxc3 Qxc3 15. bxc3 Nxf3 16. Nxf3 Bxg4 17. Bg2 Nxe4 18. Rd3 Nxc3+ 19. Kc1 Nxa2+ 20. Kd2 Rc8 21. Ra3 Nb4 22. Rc1 Nd5 23. Bg5 f6 24. Nh2 Be6 25. Re1 Nb6 26. Kd1 Bf5 27. Bf4 Bxc2+ 28. Ke2 Ba4 29. Rc1 Bb5+ 30. Kf2 Rxc1 31. Bxc1 Ba6 32. Bf1 Bxf1 33. Nxf1 gxh5 34. Rxa7 Nc4 35. Rxb7 Kf7 36. Ng3 Ne5 37. Kg2 h4 38. Nf5 Ng6 39. Nxd6+ Ke6 40. Ne4 Kf5 41. Nf2 Bf8 42. Kh3 Bg7 43. Ng4 Ke6 44. Nh2 Bf8 45. Nf3 Bg7 46. Nxh4 Nxh4 47. Kxh4 Bf8 48. Ba3 Kf7 49. Kg4 Ke6 50. Ra7 f5+ 51. Kg5 h6+ 52. Kf4 Kf6 53. Ra6+ Kf7 54. Kxf5 e6+ 55. Kf4 Bg7 56. Ra7+ Kg6 57. Bd6 Bf6 58. Be5 Bg5+ 59. Kg4 h5+ 60. Kf3 Kf5 61. Ra5 Kg6 62. Bd4 1-0

[Event "Macskasy mem B"]
[Site "Vancouver CAN"]
[Date "2005.07.30"]
[Round "2.3"]
[White "Lister, Curtis"]
[Black "Sladek, Vaclav"]
[Result "1/2-1/2"]
[WhiteElo "1952"]
[BlackElo "2040"]
[PlyCount "58"]
[GameId "2160767910900784"]
[EventDate "2005.07.30"]
[EventType "tourn"]
[EventRounds "5"]
[EventCountry "CAN"]
[SourceTitle "Scoresheets"]

1. e4 c5 2. Nf3 e6 3. c3 Nf6 4. e5 Nd5 5. d4 cxd4 6. Nxd4 Qc7 7. f4 a6 8. Bd3 d6 9. Nf3 Nc6 10. c4 Nb6 11. Qe2 Nb4 12. b3 d5 13. Nbd2 Nxd3+ 14. Qxd3 Bd7 15. Bb2 dxc4 16. bxc4 Na4 17. Bd4 Rd8 18. Qe3 Bc6 19. O-O Bxf3 20. Nxf3 Bc5 21. Rab1 O-O 22. Rfd1 Rfe8 23. Kh1 h6 24. Qb3 Qa5 25. Rd3 Bxd4 26. Rxd4 Rxd4 27. Nxd4 Nc5 28. Qc2 Rd8 29. Nb3 Nxb3 1/2-1/2

[Event "Macskasy mem B"]
[Site "Vancouver CAN"]
[Date "2005.07.31"]
[Round "3.1"]
[White "Sladek, Vaclav"]
[Black "Jiang, Louie"]
[Result "1-0"]
[WhiteElo "2040"]
[BlackElo "1999"]
[PlyCount "83"]
[GameId "2160767910900785"]
[EventDate "2005.07.30"]
[EventType "tourn"]
[EventRounds "5"]
[EventCountry "CAN"]
[SourceTitle "Scoresheets"]

1. d4 d5 2. c4 e6 3. Nc3 Nf6 4. Nf3 c6 5. e3 Nbd7 6. Qc2 Bd6 7. Be2 O-O 8. O-O Qc7 9. g3 b6 10. Bd2 Bb7 11. Rac1 Rac8 12. cxd5 exd5 13. Qf5 Qb8 14. Bd3 Rfe8 15. Ng5 g6 16. Qh3 Rcd8 17. e4 dxe4 18. Bc4 Re7 19. Ncxe4 Rf8 20. Nxd6 Qxd6 21. Bf4 Qb4 22. a3 Qxb2 23. Bd6 Ree8 24. Bxf8 Rxf8 25. Bxf7+ Kg7 26. Bc4 Re8 27. Ne6+ Kh8 28. Qh6 Re7 29. Nd8 b5 30. Be6 Ba8 31. Bxd7 Nxd7 32. Nxc6 Re8 33. Qf4 Qxa3 34. Qf7 Rf8 35. Qxd7 Qf3 36. d5 a5 37. Qe6 b4 38. Qe5+ Rf6 39. Qe8+ Rf8 40. Qe5+ Rf6 41. Ne7 Kg7 42. Rc7 1-0

[Event "Macskasy mem B"]
[Site "Vancouver CAN"]
[Date "2005.07.31"]
[Round "3.2"]
[White "Burke, Paul"]
[Black "Lister, Curtis"]
[Result "1-0"]
[WhiteElo "2011"]
[BlackElo "1952"]
[PlyCount "61"]
[GameId "2160767910900786"]
[EventDate "2005.07.30"]
[EventType "tourn"]
[EventRounds "5"]
[EventCountry "CAN"]
[SourceTitle "Scoresheets"]

1. e4 d6 2. Nc3 g6 3. g3 Bg7 4. Bg2 c5 5. d3 Nc6 6. f4 h5 7. Nge2 h4 8. Be3 Nh6 9. h3 hxg3 10. Nxg3 Qa5 11. Qd2 Bd7 12. O-O Nd4 13. a3 Nb5 14. Nge2 Nd4 15. e5 Nhf5 16. exd6 Nxd6 17. b4 Nxe2+ 18. Qxe2 cxb4 19. Nd5 Nf5 20. axb4 Qd8 21. Bb6 Bd4+ 22. Bxd4 Nxd4 23. Qe5 Ne2+ 24. Qxe2 Bxh3 25. Qe5 Kd7 26. Ra5 Bxg2 27. Kxg2 Rh5 28. Nf6+ exf6 29. Rd5+ Kc6 30. Rxd8 Rxe5 31. Rxa8 1-0

[Event "Macskasy mem B"]
[Site "Vancouver CAN"]
[Date "2005.07.31"]
[Round "3.3"]
[White "Tang, Edward"]
[Black "Ingram, Richard"]
[Result "1-0"]
[WhiteElo "2001"]
[BlackElo "2011"]
[PlyCount "80"]
[GameId "2160767910900787"]
[EventDate "2005.07.30"]
[EventType "tourn"]
[EventRounds "5"]
[EventCountry "CAN"]
[SourceTitle "Scoresheets"]

1. e4 c5 2. Nf3 Nc6 3. d4 cxd4 4. Nxd4 Nf6 5. Nc3 e5 6. Ndb5 d6 7. Nd5 Nxd5 8. exd5 Nb8 9. a4 Bf5 10. Be2 Nd7 11. O-O Be7 12. Kh1 a6 13. Na3 O-O 14. Nc4 Bg6 15. a5 b5 16. axb6 Nxb6 17. Na5 Qc8 18. Nc6 Bf6 19. Be3 Nd7 20. c4 Nb8 21. Na5 Bd8 22. b4 f5 23. f4 Bf6 24. Ra3 Bf7 25. Qd2 Rd8 26. Bd1 Qc7 27. Bb3 Kh8 28. Rc1 Qe7 29. Ba2 h6 30. c5 dxc5 31. bxc5 exf4 32. Bxf4 g5 33. Re3 Qf8 34. Be5 Qg7 35. Qd4 Bxe5 36. Qxe5 Nd7 37. Qxg7+ Kxg7 38. Nb7 Re8 39. Rxe8 Bxe8 40. c6 Nb6 1-0

[Event "Macskasy mem B"]
[Site "Vancouver CAN"]
[Date "2005.07.31"]
[Round "4.1"]
[White "Jiang, Louie"]
[Black "Ingram, Richard"]
[Result "1-0"]
[WhiteElo "1999"]
[BlackElo "2011"]
[PlyCount "81"]
[GameId "2160767910900788"]
[EventDate "2005.07.30"]
[EventType "tourn"]
[EventRounds "5"]
[EventCountry "CAN"]
[SourceTitle "Scoresheets"]

1. e4 c5 2. Nf3 Nc6 3. d4 cxd4 4. Nxd4 Nf6 5. Nc3 e5 6. Ndb5 d6 7. Bg5 a6 8. Na3 b5 9. Bxf6 gxf6 10. Nd5 f5 11. Bd3 Be6 12. c3 Bxd5 13. exd5 Ne7 14. Nxb5 Bg7 15. Na3 O-O 16. O-O e4 17. Bc4 Ng6 18. Nc2 Qg5 19. Qc1 Qh4 20. Qe3 Be5 21. g3 Qh3 22. Rfd1 f4 23. Qxe4 fxg3 24. fxg3 Rae8 25. Qg2 Qc8 26. Bb3 Kh8 27. Nb4 Nf4 28. Qf1 Nh3+ 29. Kh1 Qg4 30. Re1 f5 31. Bd1 Nf2+ 32. Qxf2 Qh3 33. Qg2 Qh6 34. Ba4 Re7 35. Nc6 Rg7 36. Nxe5 dxe5 37. Rxe5 f4 38. Re6 Qh5 39. Bd1 Qf5 40. g4 Qd3 41. Bf3 1-0

[Event "Macskasy mem B"]
[Site "Vancouver CAN"]
[Date "2005.07.31"]
[Round "4.2"]
[White "Lister, Curtis"]
[Black "Tang, Edward"]
[Result "1/2-1/2"]
[WhiteElo "1952"]
[BlackElo "2001"]
[PlyCount "133"]
[GameId "2160767910900789"]
[EventDate "2005.07.30"]
[EventType "tourn"]
[EventRounds "5"]
[EventCountry "CAN"]
[SourceTitle "Scoresheets"]

1. e4 c5 2. b4 cxb4 3. a3 d5 4. axb4 dxe4 5. Nc3 Nf6 6. Qe2 e6 7. b5 Nbd7 8. Nxe4 Be7 9. Nf3 O-O 10. Ng3 b6 11. Qd1 Bb7 12. Be2 Qc7 13. O-O Rfc8 14. c3 Nd5 15. Re1 Nc5 16. Bf1 Rd8 17. Qc2 Nf4 18. d4 Nd7 19. Qd2 Nh3+ 20. Kh1 Bxf3 21. gxf3 Bg5 22. Qc2 Nf4 23. Bxf4 Qxf4 24. Bg2 Nf6 25. Ne4 Bh4 26. Nxf6+ Qxf6 27. Re4 Qe7 28. Qd2 Rac8 29. Qd3 Bf6 30. c4 g6 31. Rd1 Qc7 32. Bf1 Rd7 33. Qb3 Rcd8 34. d5 exd5 35. cxd5 Qc3 36. Qxc3 Bxc3 37. Bc4 Kg7 38. Rc1 Bd2 39. Rc2 Bg5 40. Bb3 Bf6 41. Ra4 Be5 42. Rca2 Bb8 43. Rd2 Kf6 44. Kg2 h5 45. h3 Re8 46. Re4 Rc8 47. Rc4 Rxc4 48. Bxc4 Ke5 49. Bb3 Rc7 50. d6 Rd7 51. Re2+ Kf6 52. Re7 Rxe7 53. dxe7 Kxe7 54. Kf1 Bd6 55. Ke2 Bc5 56. f4 Bd4 57. f3 Kf6 58. Kd3 Bg1 59. Ke4 Bh2 60. Bc4 Kg7 61. f5 g5 62. Kd5 Kf6 63. Bd3 Bg1 64. Kd6 Bc5+ 65. Kd5 Ke7 66. Kc6 f6 67. Bc4 1/2-1/2

[Event "Macskasy mem B"]
[Site "Vancouver CAN"]
[Date "2005.07.31"]
[Round "4.3"]
[White "Sladek, Vaclav"]
[Black "Burke, Paul"]
[Result "0-1"]
[WhiteElo "2040"]
[BlackElo "2011"]
[PlyCount "116"]
[GameId "2160767910900790"]
[EventDate "2005.07.30"]
[EventType "tourn"]
[EventRounds "5"]
[EventCountry "CAN"]
[SourceTitle "Scoresheets"]

1. d4 Nf6 2. c4 c5 3. d5 e6 4. Nc3 exd5 5. cxd5 d6 6. Nf3 g6 7. e4 Bg7 8. h3 O-O 9. Bd3 Re8 10. O-O Na6 11. Re1 Nc7 12. a4 a6 13. Bf4 b6 14. Nd2 Nh5 15. Bh2 Bf8 16. f4 Rb8 17. Qf3 b5 18. axb5 axb5 19. Rad1 c4 20. Bb1 b4 21. Ne2 Ba6 22. Nd4 Rb6 23. Kh1 Bg7 24. Bg1 Bxd4 25. Bxd4 Rb7 26. e5 dxe5 27. Bxe5 f6 28. Bxc7 Rxe1+ 29. Rxe1 Qxc7 30. Re6 Bb5 31. d6 Qf7 32. Re7 Rxe7 33. dxe7 Qxe7 34. Qd5+ Kg7 35. Nf3 Qd7 36. Qxd7+ Bxd7 37. Nd2 Bb5 38. Ne4 Nxf4 39. Kg1 f5 40. Nd2 Kf6 41. Kf2 h6 42. h4 c3 43. bxc3 bxc3 44. Nb3 Bd3 45. Bxd3 Nxd3+ 46. Ke2 Nf4+ 47. Kf3 g5 48. hxg5+ hxg5 49. g3 Nd5 50. Kf2 Ke5 51. Ke2 Nb4 52. Nc5 c2 53. Kd2 Kd5 54. Nb3 Kc4 55. Na5+ Kd4 56. Nb3+ Ke4 57. Kc3 Nd5+ 58. Kxc2 Ne3+ 0-1

[Event "Macskasy mem B"]
[Site "Vancouver CAN"]
[Date "2005.08.01"]
[Round "5.1"]
[White "Burke, Paul"]
[Black "Jiang, Louie"]
[Result "1/2-1/2"]
[WhiteElo "2011"]
[BlackElo "1999"]
[PlyCount "87"]
[GameId "2160767910900791"]
[EventDate "2005.07.30"]
[EventType "tourn"]
[EventRounds "5"]
[EventCountry "CAN"]
[SourceTitle "Scoresheets"]

1. e4 c5 2. Nc3 Nc6 3. g3 e6 4. Bg2 Nf6 5. d3 Be7 6. f4 d5 7. e5 Nd7 8. Nf3 Rb8 9. O-O b5 10. Re1 Qc7 11. h4 b4 12. Ne2 a5 13. c3 Ba6 14. Be3 Nb6 15. Kh2 a4 16. Bh3 a3 17. bxa3 bxc3 18. f5 Bc8 19. Nxc3 d4 20. Nb5 Qd8 21. Bf4 Nd5 22. a4 O-O 23. f6 gxf6 24. exf6 Bxf6 25. Bxb8 Nxb8 26. Qc1 Nb4 27. Qd2 Bb7 28. Bg2 Nd5 29. Ne5 Nd7 30. Nxd7 Qxd7 31. Rac1 Rc8 32. Re4 Ne3 33. Rxe3 dxe3 34. Qxe3 Bxg2 35. Kxg2 Qd5+ 36. Kh3 Qxa2 37. Rxc5 Rxc5 38. Qxc5 Qxa4 39. Qc4 Qa8 40. Kh2 Qf3 41. Qe4 Qf2+ 42. Kh3 Qc5 43. Qc4 Qf5+ 44. Qg4+ 1/2-1/2

[Event "Macskasy mem B"]
[Site "Vancouver CAN"]
[Date "2005.08.01"]
[Round "5.2"]
[White "Tang, Edward"]
[Black "Sladek, Vaclav"]
[Result "1/2-1/2"]
[WhiteElo "2001"]
[BlackElo "2040"]
[PlyCount "92"]
[GameId "2160767910900792"]
[EventDate "2005.07.30"]
[EventType "tourn"]
[EventRounds "5"]
[EventCountry "CAN"]
[SourceTitle "Scoresheets"]

1. e4 c5 2. Nf3 e6 3. d4 cxd4 4. Nxd4 Qb6 5. Nb3 Qc7 6. Nc3 a6 7. Bd3 b5 8. O-O Bb7 9. a3 Nf6 10. f4 d6 11. Kh1 h5 12. e5 Nd5 13. Ne4 Nd7 14. Ng5 Be7 15. exd6 Bxd6 16. Bg6 O-O-O 17. Nxf7 Bxf4 18. Bxf4 Nxf4 19. Nd6+ Kb8 20. Nxb7 Nxg6 21. Nxd8 Rxd8 22. Qe2 e5 23. Qe4 Nf4 24. Rae1 h4 25. Nd4 Rc8 26. Nf3 Qxc2 27. Nxe5 Qxe4 28. Rxe4 Nxe5 29. Rxe5 Nd3 30. Re2 Rc7 31. h3 Kb7 32. Rd1 Nf4 33. Red2 Kb6 34. Rd6+ Ka5 35. b4+ Ka4 36. Rxa6+ Kb3 37. Rd2 Rc1+ 38. Kh2 Nh5 39. Rad6 Kxa3 40. R6d3+ Kxb4 41. Rb2+ Ka5 42. Rd5 Ng3 43. Rdxb5+ Ka6 44. Rb6+ Ka5 45. R2b5+ Ka4 46. Rb4+ Ka5 1/2-1/2

[Event "Macskasy mem B"]
[Site "Vancouver CAN"]
[Date "2005.08.01"]
[Round "5.3"]
[White "Ingram, Richard"]
[Black "Lister, Curtis"]
[Result "1-0"]
[WhiteElo "2011"]
[BlackElo "1952"]
[PlyCount "121"]
[GameId "2160767910900793"]
[EventDate "2005.07.30"]
[EventType "tourn"]
[EventRounds "5"]
[EventCountry "CAN"]
[SourceTitle "Scoresheets"]

1. e4 d6 2. d4 Nf6 3. Nc3 g6 4. Be3 Bg7 5. Qd2 Ng4 6. Bg5 h6 7. Bh4 Nf6 8. f4 c6 9. Nf3 d5 10. Bxf6 Bxf6 11. exd5 cxd5 12. Bb5+ Kf8 13. O-O-O a6 14. Bd3 Nc6 15. Ne2 Qb6 16. c3 Bd7 17. Kb1 Na5 18. Ne5 Bxe5 19. fxe5 Bb5 20. Nc1 Rc8 21. Rhf1 Kg7 22. Rf3 Bxd3+ 23. Rxd3 Nc4 24. Qe2 a5 25. Rf3 a4 26. Ka1 Qe6 27. Rdf1 Rhf8 28. Qf2 Rc6 29. Nd3 f6 30. Nf4 Qd7 31. Rg3 g5 32. Qc2 f5 33. e6 Qe8 34. Nxd5 Rxe6 35. Nc7 Qf7 36. Nxe6+ Qxe6 37. Qd3 b5 38. Rgf3 Nd6 39. d5 Qe5 40. Re3 Qf6 41. Re6 Qf7 42. Rfe1 Re8 43. g4 f4 44. Qh3 h5 45. Qxh5 Qxh5 46. gxh5 Nf7 47. Rg6+ Kh7 48. d6 e5 49. d7 Rd8 50. Rd1 e4 51. Re6 e3 52. h3 Kg7 53. Kb1 Kf8 54. Kc2 Kg7 55. Rd5 Rb8 56. Re8 Nd8 57. Rxg5+ Kf6 58. Rg4 Kf5 59. Rf8+ Ke6 60. Rgxf4 Kxd7 61. Rd4+ 1-0

[Event "Macskasy mem C"]
[Site "Vancouver CAN"]
[Date "2005.07.30"]
[Round "1.1"]
[White "Daswani, Benedict"]
[Black "Milner, Aviv"]
[Result "1-0"]
[WhiteElo "1938"]
[BlackElo "1517"]
[PlyCount "33"]
[GameId "2160767910900794"]
[EventDate "2005.07.30"]
[EventType "tourn"]
[EventRounds "5"]
[EventCountry "CAN"]
[SourceTitle "Scoresheets"]

1. g3 c6 2. d3 d5 3. Bg2 Bf5 4. Nc3 Nf6 5. Bg5 Nbd7 6. h3 h6 7. Bd2 e6 8. f4 Bd6 9. e4 d4 10. Nce2 Bg6 11. e5 Nxe5 12. fxe5 Bxe5 13. Nf3 Qd6 14. Nxe5 Qxe5 15. Bf4 Qc5 16. O-O Nd5 17. Be5 1-0

[Event "Macskasy mem C"]
[Site "Vancouver CAN"]
[Date "2005.07.30"]
[Round "1.2"]
[White "Kostin, Andrey"]
[Black "Han, Yiming"]
[Result "1-0"]
[WhiteElo "1943"]
[BlackElo "1330"]
[PlyCount "109"]
[GameId "2160767910900795"]
[EventDate "2005.07.30"]
[EventType "tourn"]
[EventRounds "5"]
[EventCountry "CAN"]
[SourceTitle "Scoresheets"]

1. e4 e5 2. Nf3 Nc6 3. Nc3 Nf6 4. Bb5 a6 5. Bxc6 dxc6 6. Nxe5 Qd4 7. Nf3 Qd8 8. O-O Bg4 9. h3 h5 10. d4 Bxf3 11. Qxf3 Qxd4 12. Rd1 Qc5 13. Be3 Qe5 14. Bf4 Qa5 15. Qg3 h4 16. Bxc7 hxg3 17. Bxa5 gxf2+ 18. Kxf2 Bc5+ 19. Kf3 b6 20. Na4 bxa5 21. Nxc5 Rb8 22. b3 Rb4 23. a3 Rb6 24. Rd6 Ke7 25. Rad1 Rc8 26. g4 g5 27. Rxf6 Kxf6 28. Nd7+ Ke6 29. Nxb6 Rh8 30. Kg3 Ke5 31. Re1 Rd8 32. Nc4+ Ke6 33. Re2 Rd4 34. Nxa5 Kd7 35. Nc4 Kc7 36. e5 Rd1 37. Rf2 Rd7 38. Nd6 f6 39. Rxf6 Re7 40. Rf7 Rxf7 41. Nxf7 Kd7 42. Nxg5 Ke7 43. e6 Kf6 44. Kf4 c5 45. h4 a5 46. c4 a4 47. bxa4 Ke7 48. Ke5 Ke8 49. Kd6 Kd8 50. a5 Ke8 51. a6 Kf8 52. a7 Kg7 53. a8=Q Kg6 54. Qg8+ Kf6 55. Nh7# 1-0

[Event "Macskasy mem C"]
[Site "Vancouver CAN"]
[Date "2005.07.30"]
[Round "1.3"]
[White "Cheng, Jack"]
[Black "Raymer, Evan"]
[Result "1/2-1/2"]
[WhiteElo "1597"]
[BlackElo "1653"]
[PlyCount "77"]
[GameId "2160767910900796"]
[EventDate "2005.07.30"]
[EventType "tourn"]
[EventRounds "5"]
[EventCountry "CAN"]
[SourceTitle "Scoresheets"]

1. e4 c5 2. Nf3 d6 3. d4 cxd4 4. Nxd4 Nf6 5. Nc3 a6 6. Be2 e6 7. O-O Be7 8. Be3 b5 9. a3 Bb7 10. f3 Nbd7 11. Nb3 Qc7 12. Qe1 d5 13. exd5 Nxd5 14. Nxd5 Bxd5 15. Qd2 Bd6 16. f4 Nb6 17. Bxb6 Qxb6+ 18. Qd4 Qxd4+ 19. Nxd4 Bc5 20. Rad1 O-O-O 21. c3 Be4 22. Kh1 Bxd4 23. Rxd4 Rxd4 24. cxd4 Kb7 25. Kg1 Rc8 26. Bf3 Bxf3 27. Rxf3 Rc1+ 28. Rf1 Rxf1+ 29. Kxf1 Kc6 30. Ke2 Kd5 31. Kd3 h5 32. h4 a5 33. b3 a4 34. bxa4 bxa4 35. g3 g6 36. Kc3 Ke4 37. Kb4 Kxd4 38. Kxa4 f6 39. Kb3 1/2-1/2